000 00415nam a2200169Ia 4500
003 OSt
005 20220720130542.0
008 211109s9999||||xx |||||||||||||| ||und||
040 _cSBCL
082 _a820 JOH-M
_bJOH-M
100 _aJOHN MORLEY
245 0 _aMACAULAY
260 _bNational
_aNew Delhi
_c1998
630 _xReference Reading Room
650 _aNatural Sciences
_vMathematics
_xMathematics
942 _cBOOK
999 _c75
_d75